[Event "Mittelrhein Verbandsliga-W 17/18"]
[Site "Nordrheinwestfalen"]
[Date "2017.10.01"]
[Round "2.3"]
[White "Mertin, Jonas"]
[Black "Peters, Michael"]
[Result "0-1"]
[WhiteElo "1855"]
[BlackElo "1963"]
[PlyCount "78"]
[EventDate "2017.09.10"]
[EventType "team-tourn"]
[EventRounds "11"]
[EventCountry "GER"]
[SourceTitle "EXT 2022"]
[Source "ChessBase"]
[SourceDate "2021.10.06"]
[SourceVersion "1"]
[SourceVersionDate "2021.10.06"]
[SourceQuality "1"]
[WhiteTeam "Aachen SV III"]
[BlackTeam "Kerpen SK"]
[WhiteTeamCountry "GER"]
[BlackTeamCountry "GER"]

1. e4 e5 2. Nf3 Nc6 3. Bc4 Nf6 4. d3 Bc5 5. 0-0 d6 6. c3 0-0 7. Re1 Bg4 8. h3 Bh5 9. Bg5 h6 10. Bh4 g5 11. Bg3 Bb6 12. Nbd2 Na5 13. Bb5 a6 14. Ba4 c5 15. Nf1 Ba7 16. Ne3 b5 17. Bc2 Nc6 18. Nf5 Kh7 19. h4 Bxf3 20. Qxf3 g4 21. Qe3 Ng8 22. h5 Nce7 23. d4 cxd4 24. cxd4 Nxf5 25. exf5 Nf6 26. Rad1 Rc8 27. Bb1 Rc4 28. Qa3 Ra4 29. Qb3 Rxd4 30. Qa3 a5 31. Bh4 Bc5 32. Bxf6 Qxf6 33. Qxa5 g3 34. Rxd4 Bxd4 35. Kf1 gxf2 36. Re4 Rc8 37. Qd2 Qg5 38. Rg4 Rc1+ 39. Ke2 f1Q# 0-1

[Event "Mittelrhein Verbandsliga-W 1112"]
[Site "Germany"]
[Date "2012.01.15"]
[Round "5.8"]
[White "Cornelius, Jorg"]
[Black "Mertin, Jonas"]
[Result "1/2-1/2"]
[WhiteElo "1897"]
[BlackElo "1636"]
[PlyCount "102"]
[EventDate "2011.09.18"]
[EventType "team-tourn"]
[EventRounds "11"]
[EventCountry "GER"]
[SourceTitle "EXT 2013"]
[Source "ChessBase"]
[SourceDate "2012.11.22"]
[SourceVersion "1"]
[SourceVersionDate "2012.11.22"]
[SourceQuality "1"]
[WhiteTeam "Uebach Palenberg"]
[BlackTeam "Aachen II"]
[WhiteTeamCountry "GER"]
[BlackTeamCountry "GER"]

1. e4 c5 2. d4 cxd4 3. c3 Nf6 4. e5 Nd5 5. cxd4 Nc6 6. Nc3 Nxc3 7. bxc3 d6 8. exd6 Qxd6 9. Bd3 g6 10. Ne2 Bg7 11. Bf4 Qd7 12. 0-0 0-0 13. Qc2 e5 14. dxe5 Nxe5 15. Be4 Nc6 16. Rad1 Qe6 17. Rd6 Qc4 18. Bd5 Bf5 19. Qd2 Qa6 20. Ng3 Bd3 21. Bxc6 Bxf1 22. Bd5 Qa5 23. Nxf1 Bxc3 24. Qc2 Qb4 25. Bg3 Bg7 26. Rd7 Rac8 27. Rxf7 Rxc2 28. Rxb7+ Kh8 29. Rxb4 Rd8 30. Rb8 Rxb8 31. Bxb8 Bd4 32. Bg3 Rc1 33. h3 Kg7 34. Bf4 Rd1 35. Bb3 Re1 36. Bc4 Kf6 37. Be3 Ke5 38. Bg8 h5 39. Bf7 Bxe3 40. fxe3 Re2 41. Bxg6 Rxa2 42. Bxh5 a5 43. Kh2 a4 44. Ng3 a3 45. Bf7 Rf2 46. Bg8 Rf8 47. Bb3 Rb8 48. Bc4 Rc8 49. Bf7 Rf8 50. Ba2 Rf2 51. Bg8 Rf8 1/2-1/2